| 000 | 03194nam a2200349 a 4500 | ||
|---|---|---|---|
| 001 | ebr10630487 | ||
| 003 | CaPaEBR | ||
| 006 | m u | ||
| 007 | cr cn||||||||| | ||
| 008 | 110912s2012 maua sb 001 0 eng d | ||
| 010 | _z 2011038086 | ||
| 020 | _z9781444332872 (hardback) | ||
| 020 | _z9781444332889 (paperback) | ||
| 020 | _z9781444355857 (e-book) | ||
| 040 |
_aCaPaEBR _cCaPaEBR |
||
| 035 | _a(OCoLC)823737283 | ||
| 050 | 1 | 4 |
_aPN1995.5 _b.T395 2012eb |
| 082 | 0 | 4 |
_a175 _223 |
| 100 | 1 | _aTeays, Wanda. | |
| 245 | 1 | 0 |
_aSeeing the light _h[electronic resource] : _bexploring ethics through movies / _cWanda Teays. |
| 250 | _a1st ed. | ||
| 260 |
_aMalden, Mass. : _bWiley-Blackwell, _c2012. |
||
| 300 |
_axv, 367 p. : _bill. |
||
| 504 | _aIncludes bibliographical references and index. | ||
| 505 | 8 | _aMachine generated contents note: IntroductionUNIT ONE: THE HUMAN CONDITION 1.0 Introduction 1.1 Authenticity 1.2 Personal Identity 1.3 Autonomy and Liberty 1.4 Courage and Inner Strength UNIT TWO: ETHICAL THEORY 2.0 Introduction 2.1 Ethical Egoism 2.2 Cultural Relativism 2.3 Utilitarianism 2.4 Kantian Ethics 2.5 Rawls' Justice Theory 2.6 Aristotle's Virtue Ethics 2.7 Feminist EthicsUNIT THREE: ETHICAL DILEMMAS 3.0 Introduction 3.1 Confronting the Dilemma 3.2 Encountering Evil 3.3 The Impact of Perspective 3.4 Reflecting on Ethical Decisions 4.0 Conclusion to the Text 4.1 APPS: General References 4.2 APPS: Contemporary Moral Problems ApplicationsOfficial Websites and Other Resources (On Seeing the Light website). | |
| 520 |
_a"In a visual culture such as ours, movies represent a compelling and surprisingly effective vehicle for ethical reflection. Through the stories that unfold on the big screen-everything from The Wizard of Oz to the Bourne trilogy-viewers often gain profound insights into the moral dimension of their own lives. Through a close analysis of a variety of popular movies, foreign films, and documentaries, Seeing the Light: Exploring Ethics Through Movies represents an innovative approach to the study of ethics and the development of moral reasoning skills. Initial chapters focus on the human condition as a springboard for ethical reflection, followed by coverage of how seven major ethical theories can provide a framework for analyzing movies for their moral message. Later chapters reveal how movies help us reflect on ethical decision-making. A diverse range of classic and contemporary films are woven throughout the text to illustrate each argument. Filled with illuminating insights and thoughtful reflection, Seeing the Light: reveals an ethical microcosm in the world of film that can help us think more clearly about the choices we face and decisions we make in the real world"-- _cProvided by publisher. |
||
| 533 |
_aElectronic reproduction. _bPalo Alto, Calif. : _cebrary, _d2011. _nAvailable via World Wide Web. _nAccess may be limited to ebrary affiliated libraries. |
||
| 650 | 0 | _aEthics in motion pictures. | |
| 655 | 7 |
_aElectronic books. _2local |
|
| 710 | 2 | _aebrary, Inc. | |
| 856 | 4 | 0 |
_uhttp://site.ebrary.com/lib/rucke/Doc?id=10630487 _zAn electronic book accessible through the World Wide Web; click to view |
| 999 |
_c52757 _d52757 |
||